Burung merak
| Main Author: | |
|---|---|
| Format: | Book |
| Published: |
Jarkata : Team Group ,
1986
|
MARC
| LEADER | 00000cam a2200000 7i4500 | ||
|---|---|---|---|
| 001 | 0000006604 | ||
| 002 | 000007124 | ||
| 005 | 20000330.0 | ||
| 020 | |a T000000567 | ||
| 090 | 0 | 0 | |a F |b MAR |
| 100 | 0 | |a Maria A.Sardjono | |
| 245 | 1 | 0 | |a Burung merak |c Maria A.Sardjono |
| 260 | |b Jarkata : |b Team Group , |c 1986 | ||
| 300 | |a 422p. ; |c 16cm. | ||
| 999 | |a 038369 |b BUKU |c PINJAMAN |e PERPUSTAKAAN KOMUNITI PETALING JAYA | ||